000 01552cam a2200421 a 4500
001 4302852
003 PE-LiUPU
005 20250731173555.0
008 860417s1986 pe b 000 0 spa
010 _a 86147373
040 _cPE-LiUPU
082 0 0 _a223.106
_219
_bG984h
100 1 _aGutiérrez, Gustavo,
_d1928-
245 1 0 _aHablar de Dios desde el sufrimiento del inocente :
_buna reflexión sobre el libro de Job /
_cGustavo Gutiérrez.
260 _c1986.
264 _aLima, Perú :
_bInstituto Bartolomé de Las Casas :
_bCentro de Estudios y Publicaciones,
_c1986.
300 _a226 p. ;
_c20 cm.
490 1 _aCEP ;
_v75
504 _aIncluye referencias bibliográficas.
505 _aTe maldecirá en la cara -- Entre la mjuerte y la vida -- Job habló bien -- Los consoladores inoportunos -- El dolor ajeno -- Dios y el pobre -- Todo viene de Dios -- El combate espiritual -- El misteriosos encuentro de dos libertades -- Te han visto mis ojos.
526 _aSEG42
526 _aSEG41
526 _aSEG40
526 _aSEG39
526 _aP94
526 _aP87
526 _aP86
526 _aP85
526 _aP77
526 _aP76
526 _aP35
630 0 _aBiblia.
_pJob
_xCrítica, interpretación, etc.
_9624
650 0 _aSufrimiento.
_9625
_xEnseñanza bíblica.
650 0 _aTeología de la liberación.
_9626
830 0 _aCEP (Series : Lima, Peru) ;
_v75.
942 _cBOOK
999 _c61624
_d61624
980 _618226
_aJaime Vilcazán Jefe de Análisis Documental
_81
_gALBERTO SANCHEZ Responsable de Automatización